[Event "Morelia/Linares 24th"]
[Site "Morelia/Linares"]
[Date "2007.02.18"]
[Round "2"]
[White "Leko, Peter"]
[Black "Morozevich, Alexander"]
[Result "1/2-1/2"]
[WhiteElo "2749"]
[BlackElo "2741"]
[Annotator "Marin,M"]
[PlyCount "81"]
[EventDate "2007.02.17"]
[EventType "tourn"]
[EventRounds "14"]
[EventCountry "ESP"]
[EventCategory "20"]
[SourceTitle "CBM 117"]
[Source "ChessBase"]
[SourceDate "2007.03.30"]
[SourceVersion "1"]
[SourceVersionDate "2007.03.30"]
[SourceQuality "1"]

1. e4 e6 2. d4 d5 3. Nc3 Nf6 4. Bg5 Bb4 ({The old Mac Cutcheon variation.
Nowadays, the more solid} 4... Be7) ({and} 4... dxe4 {are by far more popular,
but, as usual, Morozevich aims for a complicated fight.}) 5. e5 h6 6. Bd2 Bxc3
7. bxc3 Ne4 8. Qg4 g6 ({Both players had some experience with the main
alternative.} 8... Kf8 9. Nf3 c5 10. Bd3 Nxd2 11. Kxd2 c4 (11... Nc6 12. Qf4
Qe7 13. dxc5 Qxc5 14. Nd4 Bd7 15. Rhb1 Nd8 16. a4 Rc8 17. Rb3 $14 {Morozevich,
A (2625)-Vallejo Pons,F (2450)/Pamplona 1999/CBM 069 (1-0, 55) Black's knight
is much worse placed than it will be in our main game.}) 12. Be2 Nc6 13. a4 (
13. Rhb1 Rb8 14. a4 Rg8 15. Qf4 Qe7 16. g4 b6 17. g5 hxg5 18. Nxg5 Rh8 $13 {
Leko,P (2749)-Ivanchuk,V (2711)/Monte Carlo 2005/CBM 105 ext (1/2-1/2, 43)})
13... Bd7 14. h4 a6 15. Qf4 b5 16. g4 b4 $13 {with sharp play on both wings,
Short,N (2660)-Morozevich,A (2590)/Germany 1998/GER-chT (1-0, 55)}) 9. Bd3 Nxd2
10. Kxd2 c5 11. h4 Qa5 (11... Bd7 {Leko,P (2736)-Radjabov,T (2624)/Linares
2003/CBM 094/[Finkel,A] (1-0, 32)}) 12. Nf3 Nd7 $5 $146 {As always, Morozevich
is playing his own way. The knight is heading for either b6 or c5, in order to
put the c3-square under some (eventually indirect) pressure.} ({After the usual
} 12... Nc6 {theory is relatively well-settled. The main line goes} 13. Qf4
cxd4 14. Nxd4 (14. h5 $5 {was also tried.}) 14... Nxd4 15. Qxd4 $14 {Hebden,M 
(2500)-Vaisser,A (2580)/Bern 1992/CBM 028/[Knaak] (1/2-1/2, 62)}) 13. Rhb1 {
A logical reaction. White concentrates his forces on the queenside, preventing
Black from taking over the initiative on that wing.} ({The tempting} 13. Bxg6 {
could be met by the cold-blooded} Nb6 $5 (13... Rg8 $4 14. Qxe6+ $1 $18) (13...
fxg6 14. Qxe6+ Kd8 15. Qxd5 $44) {when Black would win time for his
development, while the small material disadvantage is of temporary nature.} 14.
Bd3 Na4 $132) 13... cxd4 14. Qxd4 {From structural point of view, the opening
has been quite a success for Black. However, his considerable delay in
development and the difficulties in finding a safe place for the king make the
position difficult to judge.} a6 15. Rb4 Qc7 {This willing retreat might seem
a bit mysterious.} ({A more natural continuation would be} 15... b6 $5 {
[%cal Yc8b7,Ga8c8] /\...Bb7, ...Rc8. Morozevich probably feared that his quen
would remain isolated on a5. Here is a possible way for White to take any
concrete advantage out of this detail:} 16. Rb3 Bb7 17. Qb4 Qxb4 18. cxb4 {
White has all the chances to consolidate his control on dark squares. For
instance} g5 19. Re1 $1 (19. hxg5 hxg5 20. g4 d4 $132) 19... g4 20. Nd4 $14)
16. c4 a5 {In order to avoid the immediate activation of the rook along the
c-file (...dxc4 Rxc4), Black creates an additional weakness in his camp (b5).}
17. Rb3 dxc4 18. Qxc4 Nc5 $1 ({A highly instructive moment. It might seem as
if Black should be interested in trading queens, in order to solve his
aforementioned problems. However, after} 18... Qxc4 $2 19. Bxc4 {he could not
reach the desired stability on dark squares with} Nc5 {because of} 20. Rb5 {
. As we shall see, the black queen is needed precisely to defend the b6- and
c5-squares.}) 19. Rc3 (19. Rb5 $2 {is inefficient now because of} b6 {,
threatening ...Ba6.}) 19... b6 20. Qf4 Bb7 {Black has almost completed his
development, without making any major concession. He "only" needs to bring his
king into safety now.} 21. Nd4 Qd8 22. f3 g5 $5 {Morozevich' plans start
getting contour. He plans to leave the king in the centre in order to increase
his influence on dark squares on the wings.} 23. Qe3 {Leko prevents the
opening of the h-file for the black rook, but after Black's next move the
g-file will prove just as good.} gxh4 24. Nb5 Kf8 25. Nd6 Bd5 26. Rb1 Qg5 27.
Bf1 Qxe3+ 28. Rxe3 Rb8 29. Bc4 Rg8 {Black's plan has been crowned with success.
White does not have any chances for advantage.} 30. Re2 Bxc4 31. Nxc4 h3 32.
gxh3 Rg3 33. Ke3 Na4 34. Kf4 Rg5 35. Rb3 Ke7 36. h4 Rf5+ 37. Kg3 Rg8+ 38. Kf2
Rf4 39. Nxb6 Rxh4 40. Nxa4 Rxa4 41. Rb7+ 1/2-1/2

[Event "FRA-chT"]
[Site "France"]
[Date "2007.11.24"]
[Round "2"]
[White "Olivier, Jean Christophe"]
[Black "Prusikin, Michael"]
[Result "0-1"]
[WhiteElo "2376"]
[BlackElo "2564"]
[Annotator "Prusikin,M"]
[PlyCount "148"]
[EventDate "2007.??.??"]
[EventType "team-tourn"]
[EventCountry "FRA"]
[SourceTitle "EXT 2016"]
[Source "ChessBase"]
[SourceDate "2015.10.08"]
[SourceVersion "1"]
[SourceVersionDate "2015.10.08"]
[SourceQuality "1"]

1. e4 e6 2. d4 d5 3. Nc3 Nf6 4. Bg5 Bb4 5. Nge2 dxe4 6. a3 Be7 7. Bxf6 Bxf6 8.
Nxe4 O-O 9. Qd3 Be7 10. h4 $5 $146 (10. O-O-O) 10... Nd7 11. O-O-O c6 (11...
Rb8 $5 {[%cal Gb7b5]}) (11... c5 $5) 12. Nf4 Nf6 13. Nxf6+ Bxf6 14. Qe4 Re8 15.
c3 Qc7 16. Nd3 (16. Bd3 g6 17. h5 Bg5 18. g3 e5 19. dxe5 Bf5 $15) 16... Bd7 $6
(16... b6 $1 17. Ne5 Bb7 18. Bd3 g6 19. h5 c5 20. Qf4 Bg7 21. hxg6 hxg6 $13)
17. f4 (17. Ne5 c5 18. Nxd7 Qxd7 19. dxc5 Qc7 20. Bd3 $14) 17... Red8 18. Be2 (
18. h5 $14) 18... Rac8 (18... c5 19. Nxc5 Bc6 20. Qe3 Bxg2 21. Rhg1 Bd5 22. h5
$40) 19. Bf3 b6 20. Ne5 Be8 21. h5 (21. g4 $5 c5 22. g5 Be7 23. dxc5 Qxc5 24.
h5 Rxd1+ 25. Rxd1 Rd8 26. Rxd8 Bxd8 27. Qa8 Qc7 $11) 21... c5 (21... h6 $5) 22.
h6 (22. Ng4 Be7 23. h6 Bc6 24. Qe5 Qxe5 25. dxe5 Rxd1+ 26. Rxd1 Bxf3 27. gxf3
Rd8) 22... g6 (22... cxd4 23. hxg7 Bxg7 24. Rxd4 Rxd4 25. Qxd4 f6 26. Ng4 f5
27. Ne5 Qc5 28. Qd2 $1 $14) 23. d5 exd5 24. Rxd5 Rxd5 25. Qxd5 Rd8 26. Qe4 Kf8
27. g4 Bb5 28. Rd1 Rxd1+ (28... Re8 $5 29. Re1 $11) 29. Kxd1 Qd6+ 30. Kc2 Be8
31. g5 Bh8 32. Bg4 f5 33. gxf6 Bxf6 34. Bf3 Qe6 35. Bg4 Qe7 $2 (35... Qd6 $11)
36. Qd5 $1 Qd8 (36... g5 37. Nd7+ Bxd7 38. Bxd7 gxf4 39. Bb5 Qe5 40. Qb7 $16) (
36... Bxe5 37. fxe5 $16) 37. Nd7+ Bxd7 38. Bxd7 $16 c4 $5 39. Qd6+ $2 Be7 $2 (
39... Qe7 40. Qb8+ Kf7 $11) 40. Qe6 $2 (40. Qd5 $1 $16) 40... Bf6 $2 {Diagramm
#} (40... Qc7 41. Bc6 Qd6 42. Qxc4 Qc5 $11) 41. Kb1 $3 {Hier beginnt der
interessanteste Teil der Partie. Nach langem Nachdenken findet mein Gegner
diesen schönen Prophylaxezug, der die einzige Möglichkeit darstellt, auf
Gewinn zu spielen.} (41. f5 Qe7 42. fxg6 hxg6 (42... Qxe6 $4 43. g7+ $18) 43.
Qg4 Qe3 44. Qxc4 Qxh6 $11) 41... Qe7 42. Qc6 (42. Qd5 $5 $18) 42... Qe1+ 43.
Ka2 Bxc3 $5 {Was sonst?} 44. Qc8+ (44. Qd6+ $18) (44. Qxc4 $18) (44. Qa8+ $18)
44... Ke7 45. Bb5 (45. Qc7 $18) (45. Bh3 $18) 45... Qd2 $1 (45... Bd2 46. Qd7+
Kf6 47. Qd4+ Ke7 48. Qg7+ $18) 46. Qe8+ Kf6 (46... Kd6 47. Qd7+ Kc5 48. Qc6+
Kd4 49. Qxc4+ Ke3 50. Qxc3+ Qxc3 51. bxc3 Kxf4 52. Kb3 Kg5 53. Kb4 Kxh6 54. Bf1
$1 g5 55. Kb5 g4 56. Ka6 Kg5 57. Kxa7 h5 58. Kxb6 h4 59. c4 h3 60. c5 Kh4 61.
c6 g3 62. Bxh3 $18) 47. Qh8+ $2 {Vergibt den Gewinn noch nicht, macht aber die
Sache unnötig schwer.} (47. Qf8+ Ke6 48. Bxc4+ Kd7 49. Qg7+ $3 $18 (49. Bb5+
Ke6 50. Qc8+ $18)) 47... Kf5 48. Qxc3 Qxc3 49. bxc3 Kxf4 50. Bxc4 Kg5 51. Kb3
Kxh6 {Ein sehr spannendes Endspiel. Wohin mit dem weißen König? Nach a7 oder
doch zum Königsflügel?} 52. Kb4 $1 {Die richtige Richtung:} g5 53. Be2 $3 {
Der einzige Gewinnzug!} (53. Kb5 $2 g4 54. Ka6 Kg5 55. Kxa7 h5 56. Kxb6 h4 57.
Kc5 (57. Bf1 h3 $19) (57. a4 h3 $19) 57... g3 58. Bf1 Kg4 59. Kd4 Kf3 60. c4
Kf2 61. Bh3 g2 $11) 53... Kg6 54. Bd3+ $3 {Und wieder der Einzige!} Kg7 (54...
Kh6 $5 55. Kc4 $1 (55. Bf5 Kg7 56. Kb5 h5 57. Ka6 Kf6 58. Bd3 g4 59. Kxa7 g3
60. Bf1 Kg5 61. Kxb6 Kg4 $11) (55. Kb5 g4 56. Ka6 g3 $11) 55... g4 56. Kd4 Kg7
(56... g3 57. Ke3 Kg5 58. Bxh7 Kg4 59. Be4 Kh3 60. Ke2 Kg4 61. Bg2 Kf4 62. Kd3
$18) 57. Ke5 h5 58. Kf5 Kf7 59. Bf1 $1 Ke7 60. Kg5 Ke6 (60... Kd6 61. Kxh5 g3
62. Kg4 g2 63. Bxg2 Kc5 64. Bf1 b5 65. Kf3 a5 66. Ke3 $18) 61. Kxh5 Kf5 62. Kh4
Kf4 63. Ba6 g3 64. Kh3 Kf3 65. c4 Kf2 66. Bb7 $18) 55. Kb5 h5 56. Ka6 g4 57.
Be2 $4 {Erst hier kommt mein Gegner, der soweit eine starke, nach der
Zeitkontrolle gar eine brilliante Partie spielte, vom rechten Weg ab. Er
befand sich bereits in hochgradiger Zeitnot, es wurde noch ohne Zuschlag
gespielt.} ({Es galt, die immer noch studienartige Variante} 57. Kxa7 Kf6 58.
Kxb6 h4 59. c4 $1 h3 60. Bf1 $1 Kg5 61. c5 Kh4 62. c6 g3 63. Bxh3 $1 $18 {
zu finden.}) 57... Kf6 58. Kxa7 Kg5 59. Kxb6 h4 60. a4 $2 {Dieser Zug vergibt
auch noch das Remis. Entgegen der Engineangabe war dieses immer noch zu
erreichen:} (60. c4 h3 61. Bf1 Kh4 62. c5 g3 63. Bxh3 $1 Kxh3 64. c6 g2 65. c7
g1=Q+ 66. Kb7 Qb1+ 67. Ka7 Qf5 68. Kb7 Qb5+ 69. Kc8 $3 (69. Ka7 $2 Qc6 70. Kb8
Qb6+ 71. Kc8 Kg4 72. a4 Kf5 $19) 69... Kg4 70. a4 $1 $11 {Schlägt Schwarz den
Bauern, ergibt sich eine theoretische Remisstellung. Schlägt er ihn nicht,
kann er auch b5 kann Schach mehr geben, dadurch kann der König nicht mehr
nach c8 gezwungen werden: Remis!}) 60... h3 $19 61. Bf1 Kh4 62. a5 g3 63. a6 g2
64. Bxg2 hxg2 65. a7 g1=Q+ 66. Kb7 Qg7+ 67. Kb8 Qf8+ 68. Kb7 Qe7+ 69. Kb8 Qd8+
70. Kb7 Qd7+ 71. Kb8 Qb5+ 72. Kc7 Qa6 73. Kb8 Qb6+ 74. Ka8 Qc7 0-1

[Event "AUT-chT 1718"]
[Site "Austria"]
[Date "2018.04.07"]
[Round "11.4"]
[White "Acs, Peter"]
[Black "Prusikin, Michael"]
[Result "1/2-1/2"]
[WhiteElo "2588"]
[BlackElo "2514"]
[Annotator "Prusikin,M"]
[PlyCount "71"]
[EventDate "2017.11.16"]
[EventType "team-tourn"]
[EventRounds "11"]
[EventCountry "AUT"]
[SourceTitle "EXT 2019"]
[Source "ChessBase"]
[SourceDate "2018.10.10"]
[SourceVersion "1"]
[SourceVersionDate "2018.10.10"]
[SourceQuality "1"]
[WhiteTeam "Jenbach"]
[BlackTeam "Salzburg Royal"]
[WhiteTeamCountry "AUT"]
[BlackTeamCountry "AUT"]

1. e4 e6 2. d4 d5 3. Nc3 Nf6 4. Bg5 Bb4 5. e5 h6 6. Bd2 Bxc3 7. bxc3 Ne4 8. Qg4
Kf8 9. Bd3 Nxd2 10. Kxd2 c5 11. h4 Nc6 12. Qf4 c4 13. Be2 Bd7 14. Qe3 (14. Bh5
Qe7 15. Ne2 b6 (15... Ke8 16. Qe3 b5 17. f4 Kd8 18. Bf3 Qa3 19. f5 a5 20. Bh5
Rf8 21. Qg3 b4 22. Qxg7 bxc3+ 23. Ke3 Kc7 24. Rac1 Ne7 25. g4 exf5 26. Bxf7
fxg4 27. Rhf1 Rab8 28. e6 Ba4 29. Bh5 Bxc2 30. Rf7 Rxf7 31. Qe5+ Qd6 32. exf7
Bg6 33. Qxd6+ Kxd6 34. Bxg6 Nxg6 35. Rf1 Ke6 36. h5 Nf8 37. Nxc3 Rb7 38. Rf4
Rxf7 39. Rxf7 Kxf7 40. Nxd5 Ke6 41. Ke4 Nd7 42. Nc7+ Kd6 43. Nb5+ Kc6 44. Nc3
Nf6+ 45. Ke5 g3 46. Kxf6 g2 47. Ne2 c3 48. Ke6 c2 49. d5+ Kb7 50. d6 g1=Q 51.
Nxg1 c1=Q 52. Nf3 Qc4+ 53. Kf5 Qd3+ 54. Kf4 Qxd6+ 55. Ne5 Qf6+ 56. Ke4 Qh4+ 57.
Kd5 Qxh5 58. a4 Qd1+ 59. Kc5 Qxa4 {0-1 (59) Darini,P (2471)-Batchuluun,T (2521)
Sharjah 2014}) 16. g4 Ke8 17. g5 g6 18. Bf3 h5 19. Qf6 Rf8 20. a4 Kd8 21. Bg2
Kc7 22. f4 Qd8 23. f5 Ne7 24. Bh3 Nxf5 25. Bxf5 Qxf6 26. gxf6 exf5 27. Nf4 Kc6
28. a5 b5 29. a6 Rfe8 30. Ke3 Rab8 31. Ra2 Rb6 32. Ng2 Be6 33. Kf4 Rc8 34. Kg5
Re8 35. Nf4 Rbb8 36. Ra5 Bd7 37. Re1 Be6 38. Nxe6 Rxe6 39. Kh6 Rg8 40. Kh7 Ree8
41. e6 Rh8+ 42. Kg7 Rhg8+ 43. Kh6 Rh8+ 44. Kg5 Rhf8 45. Kf4 Rh8 46. Raa1 fxe6
47. Ke5 Rh7 48. Rab1 Rg8 49. Rg1 {1-0 (49) Liedl,W (2401)-Loeschnauer,R (2491)
ICCF email 2015}) 14... b5 15. a3 a5 16. Nf3 Rb8 (16... Qb6 17. h5 Rb8 18. g4
Be8 19. Nh2 Bd7 20. Nf3 b4 21. axb4 axb4 22. Rhb1 bxc3+ 23. Qxc3 Qxb1 24. Rxb1
Rxb1 25. Qa3+ Ke8 26. Bd1 Rb7 27. Ng1 Kd8 28. Ne2 Ra7 29. Qd6 Kc8 {1/2-1/2 (29)
Daubenfeld,N (2507)-Pessoa,F (2519) ICCF email 2012}) 17. h5 Qe7 18. g4 Ke8 19.
Nh4 $146 (19. Rhg1 b4 20. axb4 axb4 21. Rgb1 Kd8 22. cxb4 Rxb4 23. Qc3 Rxb1 24.
Rxb1 Kc7 25. Rb5 Ra8 26. Rc5 Qd8 27. Qb2 Qb8 28. Qxb8+ Rxb8 29. g5 Rb1 30. gxh6
gxh6 31. Nh2 Kb6 32. Rxc6+ Bxc6 33. Ng4 Ka5 34. Nxh6 Be8 35. Bf3 Kb4 36. Ng4
c3+ 37. Ke3 Ba4 {0-1 (37) Sanchez,J (2533)-Brunello,S (2583) Milan 2012}) 19...
b4 20. axb4 axb4 21. cxb4 Qxb4+ 22. Qc3 Ke7 23. Qxb4+ Rxb4 24. Kc3 Rhb8 25. f4
{[#]} f6 $2 (25... R4b7 26. f5 Na7 27. Kd2 Nc6 $11) 26. Rhg1 $2 (26. g5 $1 hxg5
27. Ng6+ Kf7 28. fxg5 fxg5 29. Raf1+ Kg8 30. Rf2 $18) 26... Be8 $1 27. Ra6 R4b6
28. Rxb6 Rxb6 29. g5 fxg5 30. fxg5 hxg5 31. Rxg5 Kf8 32. Rg1 Ra6 33. Rf1+ Ke7
34. Rf4 $6 (34. Rg1 $11) 34... Ra3+ 35. Kd2 $2 (35. Kb2 Rh3 $15) 35... Rg3 (
35... c3+ 36. Ke3 Nb4 37. Bd3 Nxd3 $1 (37... Ra1 38. Ng6+ Kd8 39. Rf3 Re1+ 40.
Kf2 Rc1 41. Ke3 Ba4 42. Rf8+ Kd7 43. Nf4 Nxc2+ 44. Bxc2 Bxc2 45. Rf7+ Ke8 46.
Rc7 Bf5 47. Ne2 $11) 38. h6 $1 gxh6 39. Kxd3 Bb5+ 40. Ke3 Ra1 41. Ng6+ Ke8 42.
Rf8+ Kd7 43. Rf7+ Kc8 44. Rf8+ Kb7 45. Rf2 Re1+ 46. Kf3 Ba4 47. Nf4 Rc1 48. Ke3
Rxc2 $19) 36. c3 1/2-1/2

[Event "Tel Aviv super 1st"]
[Site "Tel Aviv"]
[Date "1999.05.17"]
[Round "7"]
[White "Sutovsky, Emil"]
[Black "Psakhis, Lev"]
[Result "0-1"]
[WhiteElo "2612"]
[BlackElo "2564"]
[Annotator "Psakhis,L"]
[PlyCount "76"]
[EventDate "1999.05.11"]
[EventType "tourn"]
[EventRounds "9"]
[EventCountry "ISR"]
[EventCategory "14"]
[SourceTitle "CBM 071"]
[Source "ChessBase"]
[SourceDate "1999.08.01"]
[SourceVersion "1"]
[SourceVersionDate "1999.08.01"]
[SourceQuality "1"]

{[%mdl 2096]} 1. e4 {Finkel,A} e6 2. d4 d5 3. Nc3 Nf6 4. Bg5 Bb4 $5 {The first
time in my life I choose this complicated line, and it looks not the last!} 5.
e5 h6 6. Bd2 Bxc3 7. Bxc3 Ne4 8. Ne2 {Sutovsky played already this rare
variant (and with success!), but I had the feeling that black hasn't too many
troubles.} (8. Bb4 $6 c5 9. dxc5 $140 $2 Nxf2 $1) 8... Nc6 {Glek preferes this
move too.} (8... c5 9. dxc5 Nc6 (9... Nd7 {Finkel,A} 10. Bd4 Qc7 11. f3 Nexc5
12. Nc3 O-O 13. Nb5 Qd8 14. Qd2 b6 15. O-O-O Ba6 16. Nd6 Bxf1 17. Rhxf1 $14 {
Van Riemsdijk,H-Garbarino,R/GEBA 1991}) (9... Nxc3 10. Nxc3 Qa5 11. Qd2 Qxc5
12. f4 O-O 13. O-O-O Nc6 14. h4 a6 15. Kb1 b5 $132 {Berzinsh,R-Achoundov,R/
WchJM-U18 1992}) 10. Bd4 Qe7 11. Nc3 Nxc5 12. f4 O-O 13. Qd2 Bd7 14. O-O-O Nxd4
15. Qxd4 Rac8 16. g3 $14 {1-0 Sutovsky,E-Comas Fabrego,L/Pamplona 1998 (45)
and why not to follow the recommendation of an expert.}) (8... O-O {Finkel,A}
9. Qd3 (9. Bb4 $5 c5 10. Ba3 cxd4 $6 11. Bxf8 Qxf8 12. f3 d3 13. fxe4 dxe2 14.
Qxe2 $16 {Galkin,A-Morozevich,A/RUS-Cup9 1997}) 9... f6 10. f3 Nxc3 11. Qxc3
fxe5 12. dxe5 Nc6 13. f4 Qe7 14. O-O-O Nb4 15. Kb1 c5 16. a3 Nc6 17. g4 $36 {
Kogan,A-Kaminik,A/ISR-chT 1996}) 9. Nf4 {N} (9. Ng3 Nxc3 10. bxc3 g6 11. h4 Qe7
(11... Ne7 12. Be2 c5 13. O-O c4 14. h5 Nf5 15. Bg4 Qg5 {'<=>' Finkel,A.
Finkel,A: ' Krakops,M-Glek,I/EU-chTM 1997 '}) 12. a4 Na5 13. Qb1 b6 14. h5 g5
15. Bd3 Bd7 16. Nf1 c5 17. Ne3 c4 $13 {1/2-1/2 Schmittdiel,E-Glek,I/Oberwart
op 1993 (65)} (17... c4 {Finkel,A} 18. Be2 $14 {Schmittdiel,E-Glek,I/Oberwart
op 1993})) 9... Qe7 10. Bd3 Nxc3 11. bxc3 Bd7 {I didn't like to see white's
knight on h5, but I was not sure, that the position after the possible
continuation} (11... g6 12. Bxg6 fxg6 (12... Qg5 13. h4 $1 Qxf4 14. g3) 13.
Nxg6 Qg7 14. Nxh8 Qxh8 15. Qh5+ Kd8 {is to black's favour.}) 12. Nh5 Rg8 $1 {
[#]} (12... O-O-O 13. Nxg7 Rdg8 (13... Qg5 14. Nh5 Qxg2 15. Ng3 Qh3 (15... Rdg8
16. Bf1) 16. Qh5 Qxh5 17. Nxh5 $16) 14. Nh5 Rxg2 15. Nf6) (12... Qg5 $6 {
Finkel,A} 13. O-O O-O 14. f4 Qh4 15. g3 Qh3 16. f5 $16) 13. Bh7 ({Big
complications could be raised after} 13. Qg4 O-O-O 14. Bh7 Rh8 15. Qxg7 Qa3 16.
Kd2 (16. O-O Qxc3 17. Nf6 Nxd4 $132) 16... Qa5 17. Nf6 Nxd4 18. Nxd7 Kxd7)
13... Rh8 14. Bd3 (14. Nxg7+ $2 Kf8 $19) 14... Rg8 15. O-O {'!?' Finkel,A.} (
15. Bh7 $5 $11) (15. Bh7 $11 {Finkel,A}) 15... O-O-O 16. a4 {'?!' Finkel,A.} (
16. f4 $5 {Finkel,A} Qa3 $5 17. Qd2 Na5 (17... Qa5 $5 {[%cal Gc6d4]} 18. Be2 (
18. Rf2 $5) 18... Ne7 19. Rf3 Bb5 20. Bd3 Bxd3 21. cxd3 Nf5 22. Rf2 $14) 18.
Rf3 c5 (18... Qb2 $6 19. Qe1 Nc4 20. Rg3 $14) 19. Bf1 $5 (19. Rg3 $6 cxd4 20.
cxd4 Qb2 21. Rd1 Qxd4+ 22. Kh1 Nc4 23. Bxc4 Qxd2 24. Rxd2 dxc4 $15) 19... Nc4
20. Bxc4 dxc4 21. Rg3 $14) 16... Na5 {[%cal Gc7c5,Gc8b8,Gd8c8] '!' Finkel,A.}
17. f4 c5 18. Bb5 {'?!' Finkel,A.} (18. f5 $2 exf5 19. Nf4 (19. Bxf5 $2 Bxf5
20. Rxf5 g6 $19) 19... Be6) 18... Kb8 19. Bxd7 Qxd7 20. Qd3 Qc7 $1 $15 {
[%csl Rc2,Rc3][%cal Gd8c8] '=/+' Finkel,A.} 21. Rab1 Rc8 22. f5 (22. Rb5 cxd4
23. cxd4 b6) 22... cxd4 (22... exf5 $6 {Finkel,A} 23. Rb5 $1 cxd4 24. cxd4 Nc6
25. Nf4 $1 $16) 23. cxd4 (23. fxe6 {Finkel,A} fxe6 24. cxd4 Qxc2 25. Qa6 Qc3
$15) 23... Qxc2 24. Qb5 {'?!' Finkel,A.} (24. Qa6 Qc3 25. fxe6 Ka8 $1 26. Qb5 (
26. Rxb7 Nxb7 27. exf7 Rgf8 28. e6 Qxd4+ 29. Kh1 Qe5 $19) 26... fxe6) (24. Qxc2
{Finkel,A} Rxc2 25. fxe6 fxe6 26. Rf7 Rc7 27. Rbf1 Rxf7 28. Rxf7 Nc6 29. Nxg7
Nxd4 30. Kf2 Nc6 $15) 24... Qc3 {'!' Finkel,A.} 25. Kh1 Rc6 $1 $17 {[%csl Gc6]
[%cal Gc6b6,Gc6e6] '!' Finkel,A.} 26. h3 (26. fxe6 {Finkel,A} fxe6 27. Rf3 Qd2
$1 $17) 26... a6 27. Qe2 Qxd4 {'-+' Finkel,A.} 28. Rf4 (28. fxe6 {Finkel,A}
fxe6 29. Rf7 g6 30. Nf6 Rgc8 $19) 28... Qc3 29. fxe6 fxe6 30. Rf7 d4 $5 {
[%csl Gd4][%cal Rd4d1] '!' Finkel,A.} 31. Rd7 (31. Nxg7 {Finkel,A} d3 32. Qf3
Qc2 33. Rd1 Nc4 $19) 31... Rgc8 32. Qg4 $6 (32. Nxg7 Qg3) ({Just after the
stubborn} 32. Nf4 $5 g5 33. Nd3 {white could continue resistance.}) 32... d3
$19 33. Qxg7 (33. Rd1 Qxe5) 33... R6c7 (33... d2 $4 {Finkel,A} 34. Rdxb7+ Nxb7
35. Qxb7#) 34. Rxc7 (34. Nf6 d2 35. Rd1 Qe3) 34... Rxc7 35. Qg8+ $6 (35. Qf8+
Ka7 36. Qf2+ Rc5 37. Nf4 Qc2 38. Qg1 Kb8 (38... d2 39. Nd3 Qxb1 40. Qxb1 Rc1+
41. Qxc1 dxc1=Q+ 42. Nxc1 Nc4) 39. Nxe6 Rxe5 40. Rc1 Nb3 $1 $19) 35... Ka7 36.
Qxe6 Nc4 37. Nf4 d2 38. Rg1 Qd4 {'!' Finkel,A.} (38... Qd4 39. Qg4 Qxg1+ 40.
Kxg1 Ne3) 0-1